[Event "Seattle City Championship"]
[Site "Chess.com"]
[Date "2021.01.31"]
[Round "4"]
[White "Lenderman, Aleksandr"]
[Black "Ramkumar, Aditya"]
[Result "1-0"]
[WhiteElo "2704"]
[BlackElo "1614"]
[Annotator "Aleksandr Lenderman"]
[PlyCount "115"]
[EventDate "2021.01.30"]
[EventType "swiss"]
[EventRounds "5"]
[TimeControl "3600+5"]

{[%evp 0,115,19,-32,-23,-4,12,12,6,12,1,-4,-8,-13,8,26,33,22,35,35,54,48,37,39,
32,29,55,26,47,16,16,12,30,12,24,22,26,16,22,-2,1,-3,-10,-11,-6,-27,-20,-41,
-22,-23,-32,-39,-44,-22,-29,-53,-53,-50,-67,-60,-4,-15,-11,-13,-5,-16,9,5,-5,
-19,-19,-19,0,11,27,35,28,23,30,33,29,41,70,74,74,92,136,129,127,129,125,132,
153,105,129,116,136,68,179,225,220,220,220,220,314,220,500,525,882,1039,1098,
1155,1842,1370,29997,29998,29999,-30000] After losing the previous game to GM
Bernadskiy, I got paired all the way down against a 1500+ player. However,
this game was very hard and I never felt like I had control of the game until
he got down to under 2 minutes in the endgame.} 1. b3 d5 2. Bb2 c5 3. e3 {
The accurate move order.} (3. Nf3 {is effectively met by} f6) 3... Nc6 (3... f6
4. c4 d4 5. Qh5+) 4. Nf3 e6 5. d4 (5. Be2 Nf6 6. O-O Be7 7. d4) 5... Nf6 6. Be2
Be7 (6... cxd4 7. Nxd4 Bb4+ {Was slightly annoying, or Qa5+.}) 7. dxc5 Bxc5 8.
O-O O-O 9. c4 (9. a3 $5) 9... Ne4 $6 (9... dxc4 10. Bxc4 Qxd1 11. Rxd1 b6 {
was probably more solid.}) 10. cxd5 $6 {I played this quickly since I wanted
to give him an isolated pawn. However, it might've not been the most accurate.}
(10. Qc2 $1 {keeping the tension was apparently very strong. Now Nc3 can be
followed by Qxc3.} Nb4 11. Qc1) 10... exd5 11. Nc3 Nxc3 (11... Ba3 {This was
also interesing. I can probably get an advantage here though.} 12. Bxa3 Nxc3
13. Qc2 Nxe2+ 14. Qxe2 Re8 15. Bb2 d4 (15... Bg4 16. Rfd1) 16. Rfd1) 12. Bxc3
Be6 13. Nd4 $6 {Looking back, I don't really love this move.} (13. Qd2) 13...
Qe7 14. Nxc6 bxc6 15. Rc1 Bb6 16. Qd2 c5 {Now, black is totally fine with the
hanging pawns. I have nothing.} 17. Rfd1 Rfd8 18. Bf3 Rac8 19. Ba5 h6 20. Bxb6
axb6 21. Qb2 Qg5 22. g3 Rd7 23. b4 Rdc7 (23... c4 {here, probably only black
can be better.}) 24. bxc5 bxc5 25. a3 c4 26. Qc3 Rc5 27. Rb1 {Here I knew I
lost the grip of the position and black should be totally fine, maybe even
slightly better. Therefore, I was trying to play quickly, and wasn't focused
as much on playing the best moves anymore. My focus was to get him low on time.
} Qf5 28. Bg2 Qf6 29. Rd4 Qe7 (29... Ra8 $15) 30. e4 dxe4 31. Bxe4 Qa7 32. Bc2
Ra5 33. a4 Rd5 34. Rxd5 Bxd5 35. Rb5 Qa8 36. Qa5 Be6 $6 (36... Bf3 37. Qxa8
Rxa8 38. Kf1 Re8 39. a5 g6 {Kept the balance since it's hard for me to
activate my king.}) 37. Qxa8 Rxa8 38. Kf1 {Now I get my king to c3, blockading
the c-pawn and my a-pawn becomes lethal. From here on, I was in control and
also my opponent was very low on time.} Kf8 (38... Re8 {He should still try to
stop my king from going to e2, though here, I can play f3 without too much
risk.} 39. f3 $14) 39. Ke2 Ke7 40. Kd2 Kd7 41. Kc3 Kc7 42. a5 $18 {Now my
a-pawn is just decisive.} Ra6 43. Be4 Ra7 44. Kd4 (44. Bd5 {This was actually
probably the simplest.}) 44... Kd6 45. f4 g6 46. Rb6+ Kc7 47. Rc6+ Kd7 48. a6
Bf5 (48... Kd8 {Was the best chance but I should win with a nice simplication
technique:} 49. Rxe6 $1 fxe6 50. Bb7 {All the king and pawn endgames will be
lost for him, and his rook is forever stuck.}) 49. Bd5 Be6 50. Kxc4 Bxd5+ 51.
Kxd5 Ra8 52. Rb6 Rc8 53. Rb7+ Ke8 54. a7 Rd8+ 55. Ke5 Ra8 56. Kf6 Kf8 57. Rb8+
Rxb8 58. axb8=Q# {AlexanderL won by checkmate. Not a game I'm proud of, but a
win is still a win.} 1-0

[Event "Seattle City Championship"]
[Site "Chess.com"]
[Date "2021.01.31"]
[Round "5"]
[White "Lenderman, Aleksandr"]
[Black "Guha, Mitrabha"]
[Result "1-0"]
[WhiteElo "2704"]
[BlackElo "2445"]
[Annotator "Aleksandr Lenderman"]
[PlyCount "65"]
[EventDate "2021.01.30"]
[EventType "swiss"]
[EventRounds "5"]
[TimeControl "3600+5"]

{[%evp 0,65,19,29,18,2,26,16,11,7,16,18,47,18,19,17,18,15,24,6,4,22,1,8,-2,-12,
-12,-16,-120,-113,-7,-113,-77,-114,-132,-100,-89,-92,-83,-89,-77,-77,-77,-98,
-73,-62,-58,-42,-1,1,67,65,264,252,252,274,254,191,322,80,323,323,323,345,362,
323,415,439] This is the last round against IM Mitrabha Guha. In the beginning
the game did not go my way, but later, unexpectedly, I got some incredible
chances which I was able to take advantage of.} 1. Nf3 Nf6 2. c4 b6 3. g3 Bb7
4. Bg2 c5 5. O-O g6 {This is a system that I honestly speaking, dread playing
against.} 6. b3 (6. d4 cxd4 7. Qxd4 d6 8. Nc3 Bg7 9. Rd1 Nbd7 10. Qh4 {is
another common line.}) 6... Bg7 7. Bb2 O-O 8. d4 (8. Nc3 d5 9. Nxd5 Nxd5 10.
Bxg7 Kxg7 11. cxd5 Qxd5 12. d4 Na6 $11 {was my game against Jeffrey Xiong,
where I had nothing and in fact at some point I ended up suffering for a draw
in that game.}) 8... cxd4 9. Qxd4 d6 10. Nc3 Nbd7 11. Rfd1 Rc8 12. Rac1 Nc5 13.
Qe3 $2 {In a quiet position, I made a natural move, but amazingly, it turns
out to be a serious mistake. Even in the quitest of positions, you still have
to be very careful of tactical ideas.} (13. Ne1) (13. Bh3 {would be normal
moves.}) 13... Ng4 $1 {Of course! Now I have concrete problems.} 14. Qf4 {
unfortunately the only move. However, my queen is a bit awkward there. The
natural} (14. Qd2 $4 {of course fails to} Nxf2 $1 15. Kxf2 Bxc3 $19 {With Ne4+
to follow.}) 14... h5 15. Ng5 $2 {Another mistake in a difficult situation. As
it turned out I was still ok, but I couldn't find the right way.} (15. h3 Bh6
16. Qd4 {I should sac the exchange this way.} Bxc1 17. Bxc1 Nf6 18. Qd2 $44 {
Surprisingly I might still have full compensation here.}) (15. Rc2 Bh6 16. Qd4
{Was also fine for me. I actually hallcuinated here, thinking e5 wins for
black, but it doesn't since I have Qxd6. In hindsight, maybe it's good I
didn't see it, since black can just make a forced draw here, which he might've
done.} Bg7 17. Qf4 {which I have to make, since Qd2? again loses to Nxf2.})
15... Ne6 {This is ok but he had good alternatives here.} (15... f6 $1 16. Bxb7
fxg5 17. Qxg5 Nxb7 $1 18. Qd5+ {I thought this is ok for me, and probably so
did my opponent. However, here it turns out, that black has lots of inititaive.
} Rf7 19. Qxb7 e6 20. Qg2 Rxf2 $36) (15... Bxg2 {Is what I expected, and I
didn't really have an answer to this.} 16. Kxg2 f6 17. Nf3 Bh6 18. Qd4 Bxc1 19.
Bxc1 {I am not lost here since I have some compensation and he doesn't have
open files for his rooks. However, black is clearly better and I have no real
way to get to his king.}) 16. Qd2 Bxg2 17. Kxg2 Nxg5 18. Qxg5 Bh6 19. Qd5 Rc5 {
maybe not the best practically speaking.} (19... Bxc1 20. Rxc1 (20. Bxc1 Nf6
21. Qd4 Qd7 22. Bg5 Qe6 23. Bxf6 Qxf6 24. Qxf6 exf6 25. Rxd6 Rcd8 {And here
only black can probably win.}) 20... Nf6) 20. Qd4 Bxc1 21. Rxc1 Nf6 (21... f6 {
In hindsight, f6 followed by Ne5 might've been more solid. However, even here
I have more compensation than I thought I had.}) 22. Rd1 $1 {This move was
very important to stop him from playing e5 and blocking my bishop. Suddenly, I
have many ideas that he has to worry about like Nd5, Ne4, and so on.} Kg7 $6 {
A bit unnatural to step in the pin. Unsurprisingly, it turns out to be
inaccurate.} (22... Re8 $1 {This was the correct move here. However, it's far
from obvious, it's a very sutble prophylaxis. Here I don't have anything
immediate.} 23. Ne4 (23. Nd5 b5 24. Nxf6+ exf6 {And here because he has
counterplay on e2, I cannot get very far by taking his weak d6 and f6 pawns.})
23... Re5) 23. f3 Qa8 $2 {This is already a mistake since it leaves behind a
weak target, which I pounced on.} (23... Rc7 {It was better to move the rook
out of the 5th rank.}) 24. Qe3 $1 {A very strong multi-purposeful move. First
of all, I am attacking his weak target, e7. Also, I am opening my bishop from
b2 to make Ne4 and Nd5 threats more lethal. All of a sudden, this is very hard
for him to play. I am objectively better. As he started to think a lot here, I
started liking my position here more and more.} Rf5 $6 {A tricky move but not
the best. Here he probably started to miss stuff.} (24... Re5 25. Ne4 Re6 26.
Qd3 {This is one sample line for example where I get back the exchange by
force since Ng5 cannot be stopped. Still, though, black should be close to
equal here.} Qc8 27. Ng5 Kg8 28. Nxe6 Qxe6) 25. Nd5 $1 (25. Qxe7 $4 Re8 26.
Qxd6 Rxe2+ 27. Nxe2 Qxf3+ 28. Kg1 Qe3+ 29. Kh1 Qxe2 $19 {Was an example of how
one careless move, missing opponent's counterplay can be fatal immediately.})
25... Re8 $2 {This is just losing. He probably missed Rxd6 on move 28.} (25...
Rxd5 26. cxd5 Qb7 {He had to try this, though even here, I am definitely
better.}) 26. Nc7 Qc6 27. Nxe8+ Qxe8 28. Rxd6 e5 {Losing but what else to do} (
28... Kf8 29. Rxf6 exf6 (29... Rxf6 30. Bxf6 exf6 31. Qxe8+ Kxe8 32. Kf2 {
Is obviously a trivially winning pawn endgame with my queenside majority.}) 30.
Ba3+) 29. Rxf6 {This wins a piece by force. It turns out, the engine gave me
even higher scores on other moves, but a line like Rxf6 cannot be considered a
mistake :)} Kxf6 (29... Rxf6 30. Qxe5 $18 (30. Bxe5 $4 Kg8)) 30. g4 hxg4 31.
fxg4 Qc6+ 32. Kg3 Rg5 33. Qf4+ {AlexanderL won by resignation. And this win
allowed me to leapfrog my opponent who had 3.5 and put me in a share 1st with
GM Vitaliy Bernadskiy. Not great chess from me, with many tactical mistakes,
but I was happy with my resiliency in this game.} 1-0

[Event "Seattle City Championship"]
[Site "Chess.com"]
[Date "2021.01.31"]
[Round "?"]
[White "Ackerman, Ryan"]
[Black "Joshi, Atharva"]
[Result "1-0"]
[WhiteElo "1922"]
[BlackElo "1366"]
[PlyCount "123"]
[EventDate "2021.01.30"]
[EventType "swiss"]
[EventRounds "5"]
[TimeControl "3600+5"]

1. d4 Nf6 2. c4 e6 3. Nc3 Bb4 4. Qc2 O-O 5. a3 Bxc3+ 6. Qxc3 c5 7. e3 b6 8. Bd3
Bb7 9. f3 Nc6 10. Ne2 cxd4 11. exd4 d5 12. b3 Rc8 13. Bb2 Na5 14. c5 Re8 15. b4
Nc4 16. Bxc4 dxc4 17. Qxc4 Nd5 18. Qd3 Qg5 19. O-O e5 20. dxe5 Rcd8 21. Bd4 Re6
22. Rad1 Rg6 23. Ng3 Re8 24. Rfe1 Nf4 25. Qc4 bxc5 26. Be3 Nh3+ 27. gxh3 Qxe5
28. Bf2 Qb8 29. Rxe8+ Qxe8 30. Qxc5 Bxf3 31. Re1 Qd8 32. Qe7 Qxe7 33. Rxe7 h6
34. Bxa7 Ra6 35. Kf2 Rxa3 36. b5 Bd5 37. b6 Rb3 38. Rd7 Bc6 39. Rd6 Bb7 40. Bb8
Rb2+ 41. Ke3 Rxh2 42. Rd7 Bc6 43. Re7 Rxh3 44. b7 Bxb7 45. Rxb7 f6 46. Kf4 Rh4+
47. Kf3 Rh3 48. Kg4 Rh2 49. Nf5 Rg2+ 50. Bg3 Rd2 51. Rxg7+ Kf8 52. Rh7 Ra2 53.
Nxh6 Ra4+ 54. Bf4 Ra6 55. Nf5 Rc6 56. Bh6+ Ke8 57. Bf4 Rc4 58. Nd6+ Kf8 59.
Nxc4 Kg8 60. Rc7 Kh8 61. Kf5 Kg8 62. Kxf6 {KnackMate won by resignation} 1-0

[Event "Washington President's Cup"]
[Site "Chess.com"]
[Date "2021.02.06"]
[Round "1"]
[White "Lenderman, Aleksandr"]
[Black "Bell, Harry"]
[Result "1-0"]
[WhiteElo "2704"]
[BlackElo "2000"]
[Annotator "Aleksandr Lenderman"]
[PlyCount "123"]
[EventDate "2021.02.06"]
[EventType "swiss"]
[EventRounds "5"]
[TimeControl "4200+10"]

{[%evp 0,123,19,29,23,12,10,-6,45,42,50,22,28,21,41,29,67,20,18,-16,-9,-25,-4,
-7,-7,-23,27,-394,-408,-421,-407,-465,-312,-327,-319,-318,-330,-328,-330,-364,
-327,-354,-358,-348,-335,-397,-272,-269,-271,-271,-269,-299,-295,-295,-285,
-310,-311,-315,-273,-305,-313,-315,-314,-319,-293,-299,-323,-323,-319,-319,
-328,-319,-330,-366,-298,-310,-292,-293,-309,-317,-322,-328,-292,-297,-301,
-314,-307,-329,-303,-339,-312,-369,-369,-370,-372,-325,-269,-275,-303,-324,
-295,-297,-295,-348,-352,-352,-395,-428,287,320,360,360,360,390,408,381,424,
325,982,1002,1430,29986,29991,29992,29997,29998] In the first round I am
playing a veteran local player, Harry Bell, whom I've played several times
already in the WCF online events. This is my first time playing white against
him.} 1. Nf3 d5 2. e3 Nf6 3. c4 c6 4. Nc3 Nbd7 5. Qc2 $5 {My opponent is
clearly trying to set up a semi-slav, but he keeps his options open, where he
considers playing e6, as well as e5. Therefore, I also try to play a flexible
move.} (5. d4 e6 {would transpose into semi-slav main lines while}) (5. b3 $6 {
would already be inaccurate due to} e5) 5... e5 (5... e6 {If e6 I wanted to
play b3 where I hold off playing d4 at least for some time.}) 6. cxd5 {Now the
point is, I force him to recapture with the knight.} Nxd5 (6... cxd5 $2 7. Nb5
$1 {is the point} Bc5 8. Nxe5 $18) 7. Bc4 {Now we transposed into a reversed
Taimanov Sicilian where I am probably up at least a tempo since I'm white and
black played a weird move c6 (c3 as white in open sicilians is usually not so
useful).} (7. Be2 {Was also a logical alternative.}) 7... Qc7 $6 {An
interesting move, a move which I didn't consider, but probably should be
inaccurate if I react correctly.} (7... Nb4 $5 {I thought this didn't work due
to Qb3 followed by a3 but the engine finds something brilliant.} 8. Qb1 (8. Qb3
Nd3+ $3 {This move I didn't see. Now I have to play Kf1 since} 9. Bxd3 $2 (9.
Kf1 N7c5 10. Bxf7+ Ke7 11. Qc4 Bf5 $44 {This position is of course very murky.}
) 9... Nc5 {And suddenly black is dominating.}) 8... Nb6 $1 9. Be2 (9. Nxe5 $2
Nxc4 10. Nxc4 Nd3+) 9... Bd6 {with a balanced position}) 8. a3 {I thought for
some time here but didn't find the best way.} (8. O-O Be7 (8... Bd6 9. Ne4 $14)
9. Bxd5 cxd5 10. Qb3 {nets a pawn. I just needed to make sure I would castle
first.}) (8. Bxd5 cxd5 9. Qb3 Nc5 10. Nxd5 Qd6 $44) (8. d4 exd4 9. exd4 Be7 10.
O-O O-O 11. Bd3 N5f6 {Was also promising.} 12. Bg5) 8... Bd6 9. Ba2 $6 (9. Ne4
{This was again, better to at least get two bishops.} Be7 $4 10. Bxd5) 9...
N7f6 10. d4 exd4 11. Nxd5 Nxd5 12. Qe4+ Ne7 {And now I thought I had a clever
trap prepared in case he would go Ne7, but as soon as I played my move I
realized I just made a horrific blunder.} 13. Ng5 $4 (13. Nxd4 $11) 13... Qa5+
{Of course! Wow! Not only will I be down a piece without compensation, but my
position is probably worse on top of that. Here, I seriously contemplated
resigning but for the sake of the readers of the articles I wanted to at least
play some moves and test my opponent's techniques, just in case there will
still be something to learn from this game. Of course, I did not expect to
possibly have any chances to save this game, but in the very endgame, a
miracle happened. This just goes to show that it is important to not only
fight until the end, but never relax until the game is completely over.
Honestly speaking though, I mentally did resign, and was prepared to just be a
good sport about it and was looking forward to after losing this game to give
some lower rateds a chance to play me. I thought, ok that can be a positive
outcome of losing this game. I believe it is important to look for something
positive in anything negative.} 14. Bd2 Qxg5 15. Qxd4 Qe5 16. Bc3 {As much as
I did not want to exchange queens, keep queens can only make my position worse.
In my experience of trying to play piece odds against the engine with let's
say blitz time control, I noticed that some endgames can sometimes be tricky
to win up a piece, so I didn't lose all hope yet in the endgame.} (16. Qd3 Bf5
17. Qe2 Qxb2 {Makes it only much worse.}) 16... Qxd4 17. Bxd4 O-O 18. Rd1 Bc7
19. Ke2 Bf5 20. Rd2 b6 21. Rhd1 Rfd8 22. b4 Be6 {My opponent is playing very
well so far, exchanging pieces, and putting pieces on good squares. I cannot
do much about it since it is an open position.} 23. Bxe6 fxe6 24. e4 Kf7 25. g3
{At least trying to restrict his knight.} e5 26. Bc3 Rxd2+ 27. Rxd2 Ke6 28. f3
Rd8 29. Rc2 {Not yet!} Bd6 30. a4 c5 31. b5 {Cannot allow the knight to c6-d4.}
Bc7 32. Ra2 a6 33. bxa6 Ra8 34. Kd3 Rxa6 35. Kc4 Ra8 36. Kb5 Rd8 {I had to,
otherwise I allow Rd3, or if Kc4, then Nc6-d4.} 37. Rd2 Rxd2 38. Bxd2 Kd7 39.
f4 {Only chance of counterplay now, trying to make a passer on the kingside.}
Nc6 40. Kc4 Ke6 41. f5+ Kd6 42. g4 Nd4 43. h3 Kc6 44. Be3 Bd6 45. g5 b5+ 46.
axb5+ Nxb5 47. h4 Na7 {Now this move, I thought was very odd. Black is still
winning, but why spend 3 tempi to get the knight to b6, when he can play Be7
and Nd6+ where the knight is closer to the kingside, attacks e4, and kicks the
white king out of his post.} (47... Be7 48. Kd3 Nd6 $19 {looked much simpler
to me.}) 48. h5 Nc8 49. g6 {only chance to try to exchange as many pawns as I
can. At this point I was just hoping to somehow get B+N versus king and hoping
he didn't know how to do the mate.} (49. f6 g6) 49... Nb6+ 50. Kd3 hxg6 51.
fxg6 Bf8 52. Bg5 {Last chance. Threatening h6 and Bf6, not that it saves the
game, but at least something for him to think about.} Nd7 53. Kc4 Nf6 $4 {
I couldn't believe my eyes! What was I missing! Now it dawned on me that a
miracle happened. He fell for my only remaining trap in the position, and now
not only am I saving the game, I am actually miraculously even winning! This
is exactly why we should always fight until the end and try to never relax
even when winning.} (53... Kd6 {All black needed to do was to bring the king
to e6 so that the knight on f6 will be protected, and then I can literally
resign, since I am out of any possible remaining tricks.}) 54. h6 {Wow! Just
incredible!} Nxe4 (54... gxh6 {Was also not saving the game.} 55. Bxf6 h5 56.
g7 Bxg7 57. Bxg7 Kd6 58. Bf6 $18) 55. h7 Nxg5 56. h8=Q Ne6 {The problem for
black here is that the g6 pawn is still alive.} 57. Qh1+ Kd7 58. Qe4 Bd6 $6 {
Speeds up the process for me.} (58... Be7 {Was still losing but much more
tenacious. Now I still have to play accurately to win.} 59. Qd3+ $1 {It is
better to disturb black's harmony first.} (59. Qxe5 $6 {I was actually
planning to just take the pawn, but that would be a very bad idea since that
would activate his bishop. and let him park it to f6 where he defends many key
squares and has some chances for a fortress.} Bf6 60. Qd5+ Ke7 61. Qb7+ Kd6 62.
Qf3 {I assume it should still be winning but would definitely take work.})
59... Nd4 (59... Ke8 60. Qf5 Nd8 61. Qxe5) 60. Kd5) 59. Qf5 {Now it is totally
over.} Be7 (59... Ke7 60. Qf7+) 60. Kd5 Bf6 61. Qxe6+ Kd8 62. Kc6 {AlexanderL
won by resignation. I feel terrible for my opponent, but what to do, sometimes
chess can be so cruel to us.} 1-0